000 01300nam a2200241Ia 4500
003 Ost
005 20260507075310.0
008 260507s9999||||xx |||||||||||||| ||und||
020 _a12842499479
040 _cfsecg
041 _aara
082 _a330
100 _aمزيان، عبد المجيد
_eمؤلف
245 0 _aالنظريات الاقتصادية عند إبن خلدون :
_bوأسسها من الفكر الاسلامي و الواقع المجتمعي /
_c عبد المجيد مزيان
260 _aالجزائر:
_bوزارة الثقافة,
_c2007
300 _a452 صفحة؛
_c24 سم
520 _aالمصادر الاسلامية للمعاش الخلدوني،الراسمالية عند المسلمين و الاقطاعية في المجتمع الاسلامي و العلاقات المعاشية بين الطبيعة و الانسان و الارتباطات بين السلم المعاشي و العمران و العمل و الانتاج و علاقات الانتاج و المعاش الخلدوني بمنظار الحاضر.
653 _aالاقتصاد
653 _aالاقتصاد ــ ابن خلدون
653 _aالاقطاعية ــ ابن خلدون
653 _aالرأسمالية ــ ابن خلدون
942 _cكتاب
999 _c43855
_d43855